Очерки из литературной истории Синодика: (Record no. 430370)
[ view plain ]
| 000 -LEADER | |
|---|---|
| fixed length control field | 00856nam a22001817a 4500 |
| 003 - CONTROL NUMBER IDENTIFIER | |
| control field | AM-YeHGA |
| 040 ## - CATALOGING SOURCE | |
| Original cataloging agency | AM-YeHGA |
| 090 ## - LOCALLY ASSIGNED LC-TYPE CALL NUMBER (OCLC); LOCAL CALL NUMBER (RLIN) | |
| -- | 432924 |
| 005 - DATE AND TIME OF LATEST TRANSACTION | |
| control field | 20250617155316.0 |
| 008 - FIXED-LENGTH DATA ELEMENTS--GENERAL INFORMATION | |
| fixed length control field | 190422s ||||| |||| 00| 0 rus d |
| 041 0# - LANGUAGE CODE | |
| Language code of text/sound track or separate title | rus |
| 100 1# - MAIN ENTRY--PERSONAL NAME | |
| Personal name | Петухов, Евгений Вячеславович |
| 245 00 - TITLE STATEMENT | |
| Title | Очерки из литературной истории Синодика: |
| Remainder of title | 1. Судьбы текста чина православия на русской почве до половины XVIII века. 2. Литературные элементы Синодика как народной книги в XVII и XVIII веках / |
| Statement of responsibility, etc. | Е. Петухов |
| 260 ## - PUBLICATION, DISTRIBUTION, ETC. | |
| Place of publication, distribution, etc. | Санкт-Петербург : |
| Name of publisher, distributor, etc. | Б. и., |
| Date of publication, distribution, etc. | 1895 |
| 300 ## - PHYSICAL DESCRIPTION | |
| Extent | 406 с. |
| 653 0# - INDEX TERM--UNCONTROLLED | |
| Uncontrolled term | Синодик - Литературная история |
| 942 ## - ADDED ENTRY ELEMENTS (KOHA) | |
| Source of classification or shelving scheme | Universal Decimal Classification |
| Koha item type | Գրքեր / Books |
| Withdrawn status | Lost status | Source of classification or shelving scheme | Damaged status | Not for loan | Collection | Home library | Current library | Date acquired | Total checkouts | Full call number | Barcode | Date last seen | Price effective from | Koha item type | Public note |
|---|---|---|---|---|---|---|---|---|---|---|---|---|---|---|---|
| Universal Decimal Classification | General | Fundamental Scientific Library | Fundamental Scientific Library | 22/04/2019 | РД III/12724 | FL0573811 | 22/04/2019 | 22/04/2019 | Գրքեր / Books | 30 Days Load |
ՀՀ Գիտությունների ազգային ակադեմիայի հիմնարար գիտական գրադարան = Fundamental Scientific Library of NAS RA
All site content, except where otherwise noted, is licensed under a